| 000 | 00560nam a2200193Ia 4500 | ||
|---|---|---|---|
| 005 | 20250326144300.0 | ||
| 008 | 250326s9999 xx 000 0 und d | ||
| 037 | _aTextbook | ||
| 040 |
_aFMSL _beng _cFMSL |
||
| 041 |
_aeng _2eng |
||
| 084 |
_aX.1 P7 _qFMSL |
||
| 100 |
_aSchirm S A _9749395 |
||
| 245 | 0 |
_aGlobalization : state of the art and perspectives _cSchirm S A |
|
| 260 |
_aLondon _bLondon, Routledge _c2007 |
||
| 365 | _b5123.3000000000002 | ||
| 650 |
_aBusiness Research _9725449 |
||
| 942 |
_cTB _hX.1 P7 |
||
| 999 |
_c1303129 _d1303129 |
||